000 00442nam a2200181Ia 4500
001 8041
005 20260306160540.0
008 260306t2013||||xx |||||||||||||| ||spa||
041 _aESP
082 _a370.1
_bC75 V. 11
100 _aZapata, Antonio
_eAUT
245 0 _aMilitarismo y maestros indiginistas, 1933-1956
260 _c2013
300 _a436 páginas :
_c25 cm.
650 _aGEN
654 _aCED
942 _cLIB
_dJUS
_fJUS
_2ddc
_n
999 _c8041
_d8041